عصور الأدب الألماني : (رقم التسجيلة. 29982)
[ عرض عادي ]
| 000 -LEADER | |
|---|---|
| fixed length control field | 00906nam a22002297a 4500 |
| 005 - DATE AND TIME OF LATEST TRANSACTION | |
| control field | 20251108165526.0 |
| 008 - FIXED-LENGTH DATA ELEMENTS--GENERAL INFORMATION | |
| fixed length control field | 250721s2002 xx 000 0 ara d |
| 082 14 - DEWEY DECIMAL CLASSIFICATION NUMBER | |
| Classification number | 830.1/باو |
| 100 1# - MAIN ENTRY--PERSONAL NAME | |
| Personal name | باومان، باربارا |
| 245 10 - TITLE STATEMENT | |
| Title | عصور الأدب الألماني : |
| Remainder of title | تحولات و مسارات التجديد / |
| 264 1# - PRODUCTION, PUBLICATION, DISTRIBUTION, MANUFACTURE, AND COPYRIGHT NOTICE | |
| Place of production, publication, distribution, manufacture | الكويت : |
| Name of producer, publisher, distributor, manufacturer | المجلس الوطني للثقافة و الفنون و الأدب، |
| Date of production, publication, distribution, manufacture, or copyright notice | 2002. |
| 300 ## - PHYSICAL DESCRIPTION | |
| Extent | 483ص |
| 490 0# - SERIES STATEMENT | |
| Series statement | عالم المعرفة : سلسلة كتب ثقافية شهرية يصدرها المجلس ........؛278 |
| 650 17 - SUBJECT ADDED ENTRY--TOPICAL TERM | |
| Topical term or geographic name as entry element | الأدب الألماني |
| 650 17 - SUBJECT ADDED ENTRY--TOPICAL TERM | |
| Topical term or geographic name as entry element | عصر ألمانيا 1990-1945 |
| 650 17 - SUBJECT ADDED ENTRY--TOPICAL TERM | |
| Topical term or geographic name as entry element | تاريخ ألمانيا |
| 650 17 - SUBJECT ADDED ENTRY--TOPICAL TERM | |
| Topical term or geographic name as entry element | عصر ألمانيا الموحدة 1990 |
| 700 1# - ADDED ENTRY--PERSONAL NAME | |
| Personal name | اوبرله، بريجنيتا |
| 700 1# - ADDED ENTRY--PERSONAL NAME | |
| Personal name | شريف، هبة |
| Relator term | ترجمة |
| 942 ## - ADDED ENTRY ELEMENTS (KOHA) | |
| Source of classification or shelving scheme | Dewey Decimal Classification |
| Koha item type | كتب |
| حالة السحب | حالة الفقدان | مصدر التصنيف | حالة التلف | غير قابل للإعارة | المكتبة الرئيسية | المكتبة الحالية | موقع الرف | تاريخ التزويد | الرقم المتسلسل | Total Checkouts | رقم الإستدعاء | تاريخ آخر ظهور | تاريخ الفاتورة | نوع المادة (كوها) | الباركود |
|---|---|---|---|---|---|---|---|---|---|---|---|---|---|---|---|
| Dewey Decimal Classification | مكتبة أم قصير والمقابلين العامة | مكتبة أم قصير والمقابلين العامة | الإعارة | 28/07/2025 | 517510 | 830.1/باو | 28/07/2025 | 28/07/2025 | كتب | 517510 | |||||
| Dewey Decimal Classification | Unchecked | مكتبة الاميرة بديعة | مكتبة الاميرة بديعة | الإعارة | 06/07/2004 | 517505 | 830.1/باو | 28/07/2025 | 06/07/2004 | كتب | |||||
| Dewey Decimal Classification | Unchecked | مكتبة الاميرة بديعة | مكتبة الاميرة بديعة | الإعارة | 06/07/2004 | 545885 | 830.1/باو | 28/07/2025 | 06/07/2004 | كتب | |||||
| Dewey Decimal Classification | Unchecked | مكتبة الجويدة | مكتبة الجويدة | الإعارة | 06/07/2004 | 517506 | 830.1/باو | 28/07/2025 | 06/07/2004 | كتب | |||||
| Dewey Decimal Classification | Unchecked | مكتبة الحسن العامة | مكتبة الحسن العامة | الإعارة | 06/07/2004 | 517507 | 830.1/باو | 28/07/2025 | 06/07/2004 | كتب | |||||
| Dewey Decimal Classification | Unchecked | مكتبة حمزة العامة | مكتبة حمزة العامة | الإعارة | 06/07/2004 | 517508 | 830.1/باو | 28/07/2025 | 06/07/2004 | كتب | |||||
| Dewey Decimal Classification | Unchecked | مكتبة صويلح العامة | مكتبة صويلح العامة | الإعارة | 06/07/2004 | 545883 | 830.1/باو | 28/07/2025 | 06/07/2004 | كتب | |||||
| Dewey Decimal Classification | Not For Loan | مكتبة منتدى الرواد | مكتبة منتدى الرواد | لا يعار | 30/01/2012 | 1507919 | 830.1/باو | 28/07/2025 | 30/01/2012 | كتب | PLD00238180 |